000 00650cam a2200205 i 4500
001 1750
003 Mx-PuUPA
005 20251003120708.0
008 140415s2001 nyu gr 000 0 spa d
040 _cMx-PuUPA
041 0 _aeng
082 0 4 _axx
_bxx
_225
245 _aDemocratic consolidation in eastern europe /
_cJan Zielonka and Alex Pravda
264 1 _aNew York :
_bOxford University Press,
_c2001
300 _axii, 556 páginas ;
_c24 cm
700 1 _aZielonka, Jan,
_eeditor
700 1 _aPravda, Alex,
_eeditor
942 _2ddc
_cLI
_hxx
_ixx
999 _c1750
_d1750